<?xml version="1.0" encoding="UTF-8"?><?xml-stylesheet type="text/xsl" href="static/style.xsl"?><OAI-PMH xmlns="http://www.openarchives.org/OAI/2.0/" xmlns:xsi="http://www.w3.org/2001/XMLSchema-instance" xsi:schemaLocation="http://www.openarchives.org/OAI/2.0/ http://www.openarchives.org/OAI/2.0/OAI-PMH.xsd"><responseDate>2026-06-30T03:14:32Z</responseDate><request verb="GetRecord" identifier="oai:docta.ucm.es:20.500.14352/122089" metadataPrefix="marc">https://docta.ucm.es/rest/oai/request</request><GetRecord><record><header><identifier>oai:docta.ucm.es:20.500.14352/122089</identifier><datestamp>2025-07-22T14:57:16Z</datestamp><setSpec>com_20.500.14352_1</setSpec><setSpec>col_20.500.14352_5</setSpec></header><metadata><record xmlns="http://www.loc.gov/MARC21/slim" xmlns:dcterms="http://purl.org/dc/terms/" xmlns:xsi="http://www.w3.org/2001/XMLSchema-instance" xmlns:doc="http://www.lyncode.com/xoai" xsi:schemaLocation="http://www.loc.gov/MARC21/slim http://www.loc.gov/standards/marcxml/schema/MARC21slim.xsd">
   <leader>00925njm 22002777a 4500</leader>
   <datafield ind2=" " ind1=" " tag="042">
      <subfield code="a">dc</subfield>
   </datafield>
   <datafield ind2=" " ind1=" " tag="720">
      <subfield code="a">Gallardo López, Nuria Esther</subfield>
      <subfield code="e">author</subfield>
   </datafield>
   <datafield ind2=" " ind1=" " tag="720">
      <subfield code="a">Caleya Zambrano, Antonia María</subfield>
      <subfield code="e">author</subfield>
   </datafield>
   <datafield ind2=" " ind1=" " tag="720">
      <subfield code="a">Casado Gómez, Inmaculada</subfield>
      <subfield code="e">author</subfield>
   </datafield>
   <datafield ind2=" " ind1=" " tag="720">
      <subfield code="a">Feijoo García, Gonzalo</subfield>
      <subfield code="e">author</subfield>
   </datafield>
   <datafield ind2=" " ind1=" " tag="720">
      <subfield code="a">Martín Vacas, Andrea</subfield>
      <subfield code="e">author</subfield>
   </datafield>
   <datafield ind2=" " ind1=" " tag="720">
      <subfield code="a">Paz Cortés, Marta Macarena</subfield>
      <subfield code="e">author</subfield>
   </datafield>
   <datafield ind2=" " ind1=" " tag="720">
      <subfield code="a">Balbontín Rodríguez, Belén</subfield>
      <subfield code="e">author</subfield>
   </datafield>
   <datafield ind2=" " ind1=" " tag="720">
      <subfield code="a">Coronel Sánchez, Isabel</subfield>
      <subfield code="e">author</subfield>
   </datafield>
   <datafield ind2=" " ind1=" " tag="720">
      <subfield code="a">Fernández Martínez, María de los Ángeles</subfield>
      <subfield code="e">author</subfield>
   </datafield>
   <datafield ind2=" " ind1=" " tag="260">
      <subfield code="c">2025</subfield>
   </datafield>
   <datafield ind2=" " ind1=" " tag="520">
      <subfield code="a">La aplicación de técnicas digitales en odontología ha aumentado de forma exponencial en un corto periodo de tiempo. Dentro de estas técnicas destaca el uso del escáner intraoral que permite la reconstrucción 3D de la cavidad oral sustituyendo a las impresiones convencionales realizadas con cubetas y materiales como siliconas o alginato.
El objetivo principal de este proyecto fue incorporar el uso de la impresión digital en las prácticas que se realizan en las asignaturas “Odontopediatría II” y “Odontopediatría” de 4º curso del grado de Odontología de la Universidad Complutense de Madrid (UCM) y de la Universidad Alfonso X El Sabio (UAX), respectivamente. Este objetivo responde a la necesidad de adecuar las prácticas de los alumnos al aprendizaje de nuevas tecnologías, como es el escaneado intraoral.
Han participado en el proyecto profesores que imparten docencia en distintas universidades, una pública y una privada, lo que le confiere un carácter interfacultativo. El desarrollo se ha llevado a cabo en ambos centros de educación superior a lo largo del curso académico 2024/25.
Se ha realizado una práctica preclínica en la que los estudiantes han tomado registros convencionales y digitales a un tipodonto dental. Se ha registrado el tiempo de cada procedimiento y mediante las rúbricas establecidas por consenso, previamente, entre todos los docentes se han evaluado los registros.
Al finalizar dicha práctica, cada estudiante participante  en el proyecto contestó un cuestionario sobre sus conocimientos previos en cuanto a impresiones dentales y su  satisfacción con el uso del escáner intraoral en niños y con la participación en el proyecto.
Los resultados se han analizado de forma global y comparándolos entre ambas universidades.</subfield>
   </datafield>
   <datafield ind1="8" ind2=" " tag="024">
      <subfield code="a">https://hdl.handle.net/20.500.14352/122089</subfield>
   </datafield>
   <datafield ind1="8" ind2=" " tag="024">
      <subfield code="a">PIMCD170/24-25</subfield>
   </datafield>
   <datafield ind2="0" ind1="0" tag="245">
      <subfield code="a">Prácticas preclínicas con escáner intraoral: proyecto para mejorar el aprendizaje de nuevas tecnologías en Odontología Infantil</subfield>
   </datafield>
</record></metadata></record></GetRecord></OAI-PMH>